000 00353 a2200157 4500
001 75575
020 _a9788561167080
040 _cAnchieta - Colégio São Paulo
100 _aAndré, Pierre
240 1 0 _aEmengarda, a barata
_lpor
245 1 0 _aEmengarda, a barata
300 _a24
362 0 _a2012
650 4 _aLiteratura infantil
942 _cBK
999 _c75575
_d75575